Fragile lives #2 : a Rina Martin mystery / Jane A. ... Read More
Available copies
- 1 of 1 copy available at LARL/NWRL Consortium.
Current holds
0 current holds with 1 total copy.
Show Only Available Copies
| Location | Call Number / Copy Notes | Barcode | Shelving Location | Status | Due Date |
|---|---|---|---|---|---|
| Greenbush Public Library | ADA (Text) | 35500004438956 | Main | Available | - |
Record details
- ISBN: 9780727866806 (hbk.)
- ISBN: 072786680X (hbk.)
- Physical Description: 203 p. ; 23 cm.
- Edition: 1st world ed.
- Publisher: Sutton : Severn House, 2008.
Search for related items by subject
| Subject: | Police > Fiction. Murder > Investigation > Fiction. |
| Genre: | Detective and mystery stories. Mystery fiction. |
Search for related items by series
| LDR | 01075cam a22003258a 4500 | ||
|---|---|---|---|
| 001 | 102406 | ||
| 003 | LARL_NWRL_CONSORTIUM | ||
| 005 | 20090326161712.0 | ||
| 008 | 080418s2008 enk 000 f eng | ||
| 015 | . | ‡aGBA877855 ‡2bnb | |
| 016 | 7 | . | ‡a014646899 ‡2Uk |
| 020 | . | ‡a9780727866806 (hbk.) | |
| 020 | . | ‡a072786680X (hbk.) | |
| 035 | . | ‡a(OCoLC)438802055 ‡z(OCoLC)227031490 | |
| 082 | 0 | 4. | ‡a823.914 ‡222 |
| 100 | 1 | . | ‡aAdams, Jane, ‡d1960- ‡0(LARL_NWRL_CONSORTIUM)194407 |
| 245 | 1 | 0. | ‡aFragile lives ‡n#2 : ‡ba Rina Martin mystery / ‡cJane A. Adams. |
| 250 | . | ‡a1st world ed. | |
| 260 | . | ‡aSutton : ‡bSevern House, ‡c2008. | |
| 300 | . | ‡a203 p. ; ‡c23 cm. | |
| 490 | 0 | . | ‡aRina Martin ; ‡v2 |
| 650 | 0. | ‡aPolice ‡vFiction. ‡0(LARL_NWRL_CONSORTIUM)166800 | |
| 650 | 0. | ‡aMurder ‡xInvestigation ‡vFiction. ‡0(LARL_NWRL_CONSORTIUM)166203 | |
| 655 | 0. | ‡aDetective and mystery stories. | |
| 655 | 7. | ‡aMystery fiction. ‡2gsafd | |
| 901 | . | ‡a102406 ‡bOCLC ‡c102406 ‡tbiblio | |

Add to basket
Permalink
Disable Highlighting